Statistiques concernant Les plus grandes agglomérations d'Autriche

Cliquez ici pour prendre le quiz!

Statistiques générales

  • Ce quiz a été pris 52 fois
  • Le résultat moyen est 6 sur 12

Statistiques - réponses

PlaceHabitantsNom% Correct
1.2 680 667Agglomération de Vienne
100%
4.350 159Agglomération de Salzbourg
94%
3.605 143Agglomération de Graz
85%
5.294 209Agglomération de Innsbruck
79%
2.765 589Agglomération de Linz
77%
7.150 261Agglomération de Klagenfurt
44%
6.168 959Agglomération de Bregenz
23%
11.98 794Agglomération de Villach
23%
12.89 051Agglomération de Sankt Pölten
21%
8.124 482Agglomération de Wels
13%
9.111 866Agglomération de Feldkirch
8%
10.104 501Agglomération de Leoben
8%

Distribution des résultats

Percentile par nombre de réponses

% des personnes avec chaque résultat

Votre développement - résultats

Vous n’avez pas pris ce quiz